000 00438nam a22001817a 4500
003 MPLRDC
005 20220104124706.0
008 210129b ||||| |||| 00| 0 eng d
020 _a962-04-0065-8
082 _a690.11 ZSC
100 _a周沙尘
245 _a古今北京
_c
250 _a一版三刷
260 _a
_b三联书店有限公司
_c1985
300 _b
650 _a中国游记--北京
942 _cBK
_o690.11 ZSC
999 _c21376
_d21366